000 00444nam a22001817a 4500
003 MPLRDC
005 20220104114450.0
008 210129b ||||| |||| 00| 0 eng d
020 _a7-204-04094-5
082 _a857.9 XZH v.2
100 _a夕照红
245 _a星月追魂 (中)
_c
250 _a一版一刷
260 _a中国
_b内蒙古人民出版社
_c1998
300 _b757
650 _a武侠小说
942 _cBK
_o857.9 XZH v.2
999 _c7687
_d7677